[Event "Regionalliga NW 1213"]
[Site "Bayern"]
[Date "2013.02.24"]
[Round "7.7"]
[White "Albrecht, Volker"]
[Black "Becker, Alexander1111"]
[Result "0-1"]
[WhiteElo "1728"]
[BlackElo "1945"]
[PlyCount "82"]
[EventDate "2012.10.14"]
[EventType "team-tourn"]
[EventRounds "9"]
[EventCountry "GER"]
[SourceTitle "EXT 2015"]
[Source "ChessBase"]
[SourceDate "2014.11.20"]
[SourceVersion "1"]
[SourceVersionDate "2014.11.20"]
[SourceQuality "1"]
[WhiteTeam "Coburg"]
[BlackTeam "Kronach"]
[WhiteTeamCountry "GER"]
[BlackTeamCountry "GER"]

1. c4 Nf6 2. Nc3 d5 3. d4 g6 4. cxd5 Nxd5 5. e4 Nxc3 6. bxc3 Bg7 7. Nf3 c5 8. Be2 Nc6 9. Bb2 cxd4 10. cxd4 Bg4 11. e5 0-0 12. 0-0 Qa5 13. Qb3 Qb4 14. Qxb4 Nxb4 15. a3 Nd5 16. h3 Bf5 17. Bc4 Rfd8 18. Rfe1 Rac8 19. Bb3 Bc2 20. Ba2 Nf4 21. Rf1 Bd3 22. Rfd1 Be2 23. Rdc1 Nxh3+ 24. gxh3 Bxf3 25. Rxc8 Rxc8 26. Rc1 Rxc1+ 27. Bxc1 e6 28. Kh2 b5 29. Kg3 Bc6 30. Bd2 Bf8 31. Bb4 a5 32. Bxa5 Bxa3 33. Bb6 Kf8 34. Bb3 Ke8 35. Kg4 h6 36. h4 h5+ 37. Kg5 Be7+ 38. Kh6 Bxh4 39. Bxe6 fxe6 40. Kxg6 Bf3 41. Bc5 Be7 0-1

[Event "Regionalliga NW 1213"]
[Site "Bayern"]
[Date "2012.10.14"]
[Round "1.7"]
[White "Albrecht, Volker"]
[Black "Malzer, Werner"]
[Result "1-0"]
[WhiteElo "1728"]
[BlackElo "1823"]
[PlyCount "94"]
[EventDate "2012.10.14"]
[EventType "team-tourn"]
[EventRounds "9"]
[EventCountry "GER"]
[SourceTitle "EXT 2015"]
[Source "ChessBase"]
[SourceDate "2014.11.20"]
[SourceVersion "1"]
[SourceVersionDate "2014.11.20"]
[SourceQuality "1"]
[WhiteTeam "Coburg"]
[BlackTeam "Kirchenlaibach"]
[WhiteTeamCountry "GER"]
[BlackTeamCountry "GER"]

1. c4 e6 2. d4 d5 3. e3 Nf6 4. Nc3 Be7 5. Nf3 0-0 6. Be2 b6 7. 0-0 Bb7 8. b3 Nbd7 9. Bb2 Ne4 10. Rc1 Nxc3 11. Bxc3 dxc4 12. Bxc4 Nf6 13. Qe2 a5 14. Rfd1 Bd6 15. Ne5 Qe7 16. Bb5 Ne4 17. Bb2 f5 18. f3 Nf6 19. a4 Nd5 20. Qf2 Qg5 21. f4 Qh6 22. Bc6 Bxc6 23. Rxc6 Rac8 24. Rdc1 Nb4 25. R6c3 Na2 26. Nd7 Nxc3 27. Rxc3 Rfd8 28. Ne5 c5 29. e4 Bxe5 30. fxe5 g6 31. exf5 gxf5 32. Bc1 Qh5 33. h3 Rd7 34. dxc5 Rxc5 35. Rxc5 bxc5 36. Qxc5 Qd1+ 37. Kh2 Qd5 38. Qc3 Kg7 39. Ba3 Qd3 40. Qc8 Rd8 41. Qc5 Qd7 42. Qxa5 Rg8 43. Qb4 Qc7 44. Qd6 Qb7 45. Qd2 Qb8 46. Qd7+ Kg6 47. Qxe6+ Kg7 1-0